| 000 | 01622cam a2200409 i 4500 | ||
|---|---|---|---|
| 999 |
_c200443851 _d62063 |
||
| 001 | 200443851 | ||
| 003 | TR-AnTOB | ||
| 005 | 20220923102818.0 | ||
| 007 | ta | ||
| 008 | 950701s1986 tu a 000 0 tur | ||
| 010 | _a 95173115 | ||
| 035 | _a(OCoLC)32820700 | ||
| 035 | _a(TR-AnTOB)200443851 | ||
| 040 |
_aDLC _beng _erda _cDLC _dOCLCQ _dOCLCO _dUA@ _dOCLCQ _dSULEY _dTR-AnTOB |
||
| 041 | 0 | _atur | |
| 043 | _aa-tu--- | ||
| 050 | 0 | 4 |
_aHD30.3 _b.A85 1986 |
| 090 |
_aHD30.3 _b.A85 1986 |
||
| 100 | 1 |
_aAşıkoğlu, Meral _eauthor _9132809 |
|
| 245 | 1 | 0 |
_aİşgören yönetiminde iletişim ve şişe-cam endüstrisinde bir uygulama örneği / _cMeral Aşıkoğlu. |
| 264 | 1 |
_aEskişehir : _bAnadolu Üniversitesi, _c1986. |
|
| 300 |
_avxiii, 225 pages : _billustrations, _c24 cm |
||
| 336 |
_atext _btxt _2rdacontent |
||
| 337 |
_aunmediated _bn _2rdamedia |
||
| 338 |
_avolume _bnc _2rdacarrier |
||
| 490 | 0 |
_aT.C. Anadolu Üniversitesi yayınları ; _vno. 136. _aİktisadi ve İdari Bilimler Fakültesi yayınları ; _vno. 34 |
|
| 610 | 2 | 0 |
_aTürkiye Şişe ve Cam Fabrikaları A.Ş. _9131201 |
| 650 | 7 |
_aİletişim, Örgütlerde _2etuturkob _911574 |
|
| 650 | 7 |
_aİletişim, Örgütlerde _zTürkiye _2etuturkob _9132810 |
|
| 650 | 7 |
_aİletişim, Personel yönetiminde _2etuturkob _9132812 |
|
| 650 | 7 |
_aİletişim, Personel yönetiminde _zTürkiye _2etuturkob _9132813 |
|
| 650 | 7 |
_aÇalışanlar _xBağlı çalışmak _zTürkiye _2etuturkob _9132814 |
|
| 710 | 2 |
_aAnadolu Üniversitesi. _bİktisadi ve İdari Bilimler Fakültesi _945737 |
|
| 942 |
_2lcc _cBK |
||